| 000 | 01130nas a2200301 4500 | ||
|---|---|---|---|
| 001 | BR8500359 | ||
| 003 | BR-BrBNA | ||
| 005 | 20231205090103.0 | ||
| 007 | ta | ||
| 008 | 230509b bl.|||p| |||| 00| 00por d | ||
| 040 |
_aBR-BrBNA _bpor _cBiblioteca Nacional de Agricultura |
||
| 041 | _a(Pt) | ||
| 072 | _aH10 | ||
| 100 | 1 | _aCamargo, L.M.P.C. de A. | |
| 100 | 1 | _aBatista Filho, A. | |
| 100 | 1 | _aCruz, B.P.B. | |
| 245 | 1 | _aOcorrencia do fungo Beauveria sp. patogenico ao bicudo do algodoeiro (Anthonomus grandis Boheman)na regiao de Campinas, estado de Sao Paulo [Gossypium hirsutum, controle biologico, Brasil] | |
| 246 | 1 | _aOccurrence of Beauveria sp. pathogenic to the boll weevil (Anthonomus grandis Boheman)in the region of Campinas, state of Sao Paulo [Gossypium hirsutum, biological control, Brazil] | |
| 650 | _aALGODAO | ||
| 650 | _aBICUDO | ||
| 650 | _aFUNGO | ||
| 650 | _aCONTROLE BIOLOGICO | ||
| 650 | _aCAMPINAS | ||
| 650 | _aSAO PAULO | ||
| 773 | 0 |
_tBiologico (Brazil) _xISSN 0366-0567 _g(Mar 1984), v. 50(3) p. 65-68 _wBR8500359 |
|
| 909 |
_a202311 _bLúcia _c55 _dLúcia Elande |
||
| 942 |
_2AGRIS _n0 _cANA |
||
| 999 |
_c116061 _d116061 |
||